Statistics for Best Medical Schools

Click here to take the quiz!

General Stats

  • This quiz has been taken 49 times
  • The average score is 15 of 20

Answer Stats

StateCollege% Correct
MAHarvard University
98%
MDJohns Hopkins University
93%
CTYale University
91%
MIUniversity of Michigan—​Ann Arbor
87%
CAStanford University
87%
CAUniversity of California—​Los Angeles (Geffen)
87%
NCDuke University
82%
NYColumbia University
82%
NYNew York University (Langone)
82%
ILUniversity of Chicago (Pritzker)
82%
ILNorthwestern University (Feinberg)
80%
PAUniversity of Pennsylvania (​Perelman)
78%
TNVanderbilt University
76%
NYCornell University (Weill)
71%
MOWashington University in St. Louis
69%
WAUniversity of Washington
62%
CAUniversity of California—​San Francisco
60%
CAUniversity of California—​San Diego
58%
MNMayo Clinic School of Medicine
56%
PAUniversity of Pittsburgh
44%

Score Distribution

Percentile by Number Answered

Percent of People with Each Score

Your Score History

You have not taken this quiz